[Event "European Clubs Cup"]
[Site "chess24.com"]
[Date "2018.10.14"]
[Round "3"]
[White "Ris, Robert"]
[Black "Samoun, Florent"]
[Result "1-0"]
[Board "2"]
[WhiteElo "2435"]
[WhiteTitle "IM"]
[WhiteCountry "NED"]
[WhiteFideId "1011480"]
[WhiteEloChange "3"]
[BlackElo "2322"]
[BlackTitle "FM"]
[BlackCountry "FRA"]
[BlackFideId "664995"]
[BlackEloChange "-7"]

1. e4 {[%clk 1:30:55]} c5 {[%clk 1:30:28]} 2. Nf3 {[%clk 1:30:34]} Nc6 {[%clk
1:30:46]} 3. Bb5 {[%clk 1:30:16]} g6 {[%clk 1:30:43]} 4. O-O {[%clk 1:29:43]} Bg7
{[%clk 1:30:46]} 5. Bxc6 {[%clk 1:29:12]} bxc6 {[%clk 1:30:23]} 6. Re1 {[%clk
1:29:26]} e5 {[%clk 1:29:23]} 7. b4 {[%clk 1:29:07]} cxb4 {[%clk 1:27:44]} 8. a3
{[%clk 1:28:40]} bxa3 {[%clk 1:14:04]} 9. d4 {[%clk 1:28:15]} d6 {[%clk 1:11:35]}
10. Bxa3 {[%clk 1:16:20]} Bg4 {[%clk 1:09:16]} 11. Nbd2 {[%clk 1:10:07]} Be6
{[%clk 0:57:34]} 12. d5 {[%clk 0:57:06]} cxd5 {[%clk 0:55:25]} 13. exd5 {[%clk
0:57:20]} Bxd5 {[%clk 0:54:02]} 14. c4 {[%clk 0:45:22]} Bc6 {[%clk 0:38:04]} 15.
c5 {[%clk 0:37:57]} Nf6 {[%clk 0:27:37]} 16. cxd6 {[%clk 0:34:43]} Nd7 {[%clk
0:26:45]} 17. Nd4 {[%clk 0:28:47]} Bb7 {[%clk 0:21:03]} 18. Nb5 {[%clk 0:15:40]}
O-O {[%clk 0:21:07]} 19. Nc7 {[%clk 0:16:06]} Rb8 {[%clk 0:20:21]} 20. Ne4 {[%clk
0:12:16]} Qh4 {[%clk 0:16:15]} 21. Bc1 {[%clk 0:07:56]} Bxe4 {[%clk 0:11:02]} 22.
g3 {[%clk 0:08:21]} Qf6 {[%clk 0:11:04]} 23. Rxe4 {[%clk 0:08:35]} Rb6 {[%clk
0:10:59]} 24. Nd5 {[%clk 0:08:23]} Qxd6 {[%clk 0:09:29]} 25. Ba3 {[%clk 0:08:27]}
Nc5 {[%clk 0:08:57]} 26. Bxc5 {[%clk 0:05:42]} Qxc5 {[%clk 0:09:20]} 27. Nxb6
{[%clk 0:05:51]} axb6 {[%clk 0:09:13]} 28. Rc1 {[%clk 0:05:27]} Qa5 {[%clk
0:08:20]} 29. Qd7 {[%clk 0:05:01]} Qa6 {[%clk 0:06:26]} 30. Rec4 {[%clk 0:03:02]}
h5 {[%clk 0:05:42]} 31. Rc8 {[%clk 0:02:44]} Qe2 {[%clk 0:03:55]} 32. R8c2 {[%clk
0:01:54]} Qf3 {[%clk 0:03:48]} 33. Rc3 {[%clk 0:02:09]} Qe2 {[%clk 0:03:57]} 34.
Re3 {[%clk 0:02:12]} Qg4 {[%clk 0:03:10]} 35. Qd5 {[%clk 0:01:53]} h4 {[%clk
0:01:32]} 36. Rc4 {[%clk 0:01:58]} Qg5 {[%clk 0:00:36]} 37. Rxh4 {[%clk 0:01:39]}
Rd8 {[%clk 0:00:50]} 38. Qf3 {[%clk 0:00:46]} Qe7 {[%clk 0:00:38]} 39. Rd3 {[%clk
0:00:45]} Rxd3 {[%clk 0:00:34]} 40. Qxd3 {[%clk 0:31:08]} Bf8 {[%clk 0:30:34]}
41. Qd5 {[%clk 0:27:16]} Qc5 {[%clk 0:27:29]} 42. Qxc5 {[%clk 0:25:22]} Bxc5
{[%clk 0:27:15]} 43. Ra4 {[%clk 0:25:36]} Kg7 {[%clk 0:27:13]} 44. Kf1 {[%clk
0:25:48]} f5 {[%clk 0:26:05]} 45. f3 {[%clk 0:25:48]} Kf6 {[%clk 0:26:20]} 46.
Ke2 {[%clk 0:26:04]} Kg7 {[%clk 0:25:03]} 47. Kd3 {[%clk 0:25:44]} Bg1 {[%clk
0:24:58]} 48. Ra2 {[%clk 0:25:42]} Kf6 {[%clk 0:25:00]} 49. Rg2 {[%clk 0:23:58]}
Bc5 {[%clk 0:25:12]} 50. h4 {[%clk 0:18:46]} Kf7 {[%clk 0:19:31]} 51. g4 {[%clk
0:16:25]} b5 {[%clk 0:16:35]} 52. Rc2 {[%clk 0:14:45]} Be7 {[%clk 0:16:04]} 53.
g5 {[%clk 0:14:55]} Bb4 {[%clk 0:14:02]} 54. Rc7+ {[%clk 0:14:43]} Kg8 {[%clk
0:14:14]} 55. Ke2 {[%clk 0:12:30]} e4 {[%clk 0:11:39]} 56. fxe4 {[%clk 0:11:55]}
fxe4 {[%clk 0:12:05]} 57. Rb7 {[%clk 0:11:47]} e3 {[%clk 0:09:23]} 58. Rxb5
{[%clk 0:04:48]} Bd2 {[%clk 0:09:46]} 59. Rb7 {[%clk 0:05:04]} Kf8 {[%clk
0:09:58]} 60. Rc7 {[%clk 0:05:19]} Kg8 {[%clk 0:10:12]} 61. Re7 {[%clk 0:04:40]}
Kf8 {[%clk 0:10:35]} 62. Re4 {[%clk 0:04:56]} Bc1 {[%clk 0:10:49]} 63. Kf3 {[%clk
0:04:34]} Bd2 {[%clk 0:11:08]} 64. Kg4 {[%clk 0:04:27]} Kf7 {[%clk 0:11:27]} 65.
h5 {[%clk 0:03:56]} gxh5+ {[%clk 0:11:52]} 66. Kxh5 {[%clk 0:04:23]} Kg7 {[%clk
0:12:03]} 67. Kg4 {[%clk 0:02:04]} Kg6 {[%clk 0:11:16]} 68. Re6+ {[%clk 0:02:29]}
Kg7 {[%clk 0:11:16]} 69. Kf5 {[%clk 0:02:15]} Kf7 {[%clk 0:11:35]} 70. Re4 {[%clk
0:01:36]} Kg7 {[%clk 0:11:49]} 71. g6 {[%clk 0:01:33]} Kf8 {[%clk 0:05:56]} 72.
Kf6 {[%clk 0:01:16]} Bc3+ {[%clk 0:06:09]} 73. Kg5 {[%clk 0:01:33]} e2 {[%clk
0:02:44]} 74. Rxe2 {[%clk 0:01:39]} Kg8 {[%clk 0:01:53]} 75. Re8+ {[%clk
0:01:29]} Kg7 {[%clk 0:02:18]} 76. Re7+ {[%clk 0:01:41]} Kg8 {[%clk 0:01:44]} 77.
Rd7 {[%clk 0:01:19]} Bb2 {[%clk 0:01:54]} 78. Kf5 {[%clk 0:01:12]} Bc3 {[%clk
0:01:20]} 79. Kg4 {[%clk 0:00:50]} Bb2 {[%clk 0:01:26]} 80. Kh5 {[%clk 0:01:08]}
Bc1 {[%clk 0:00:58]} 81. g7 {[%clk 0:00:37]} Kh7 {[%clk 0:01:17]} 82. Rf7 {[%clk
0:00:59]} Bd2 {[%clk 0:00:33]} 83. g8Q+ {[%clk 0:00:41]} Kxg8 {[%clk 0:01:00]}
84. Kg6 {[%clk 0:01:07]} Bb4 {[%clk 0:00:31]} 85. Rb7 {[%clk 0:01:11]} Bd6 {[%clk
0:00:33]} 86. Rd7 {[%clk 0:01:35]} 1-0

[Event "European Clubs Cup"]
[Site "chess24.com"]
[Date "2018.10.14"]
[Round "3"]
[White "Papadiamandis, Elliot"]
[Black "Willemze, Thomas"]
[Result "0-1"]
[Board "3"]
[WhiteElo "2149"]
[WhiteCountry "FRA"]
[WhiteFideId "36074160"]
[WhiteEloChange "-4"]
[BlackElo "2408"]
[BlackTitle "IM"]
[BlackCountry "NED"]
[BlackFideId "1007238"]
[BlackEloChange "2"]

1. e4 {[%clk 1:30:57]} g6 {[%clk 1:30:54]} 2. d4 {[%clk 1:31:10]} c6 {[%clk
1:31:14]} 3. Nf3 {[%clk 1:26:19]} Bg7 {[%clk 1:31:22]} 4. Be2 {[%clk 1:25:55]} d5
{[%clk 1:30:55]} 5. e5 {[%clk 1:25:36]} Nh6 {[%clk 1:28:38]} 6. Bf4 {[%clk
1:25:14]} f6 {[%clk 1:28:27]} 7. Qd2 {[%clk 1:23:46]} Nf7 {[%clk 1:28:38]} 8. h4
{[%clk 1:06:35]} Bg4 {[%clk 1:27:34]} 9. exf6 {[%clk 1:01:15]} exf6 {[%clk
1:27:50]} 10. Qe3+ {[%clk 1:01:24]} Qe7 {[%clk 1:27:55]} 11. Qxe7+ {[%clk
1:01:02]} Kxe7 {[%clk 1:28:23]} 12. Nbd2 {[%clk 0:58:54]} Nd7 {[%clk 1:26:40]}
13. O-O-O {[%clk 0:57:34]} Bh6 {[%clk 1:22:23]} 14. Bxh6 {[%clk 0:55:18]} Nxh6
{[%clk 1:22:24]} 15. Bd3 {[%clk 0:51:08]} Kd6 {[%clk 1:19:03]} 16. Rde1 {[%clk
0:49:36]} Nf8 {[%clk 1:14:55]} 17. Nh2 {[%clk 0:42:58]} Ne6 {[%clk 1:12:14]} 18.
Ndf3 {[%clk 0:35:11]} Nf4 {[%clk 1:02:59]} 19. Nxg4 {[%clk 0:34:38]} Nxg4 {[%clk
1:03:04]} 20. Ref1 {[%clk 0:34:53]} Nxd3+ {[%clk 1:00:34]} 21. cxd3 {[%clk
0:35:07]} Rae8 {[%clk 1:01:01]} 22. Kd2 {[%clk 0:33:14]} Re7 {[%clk 1:00:44]} 23.
Re1 {[%clk 0:28:04]} Nxf2 {[%clk 0:55:33]} 24. Rxe7 {[%clk 0:27:50]} Kxe7 {[%clk
0:56:00]} 25. Re1+ {[%clk 0:27:55]} Kf7 {[%clk 0:55:46]} 26. Rf1 {[%clk 0:22:59]}
Ng4 {[%clk 0:55:58]} 27. Ng5+ {[%clk 0:20:10]} Ke7 {[%clk 0:54:12]} 28. Re1+
{[%clk 0:20:26]} Kd7 {[%clk 0:54:28]} 29. Ne6 {[%clk 0:19:38]} b6 {[%clk
0:54:51]} 30. Nf4 {[%clk 0:18:05]} Nh6 {[%clk 0:54:25]} 31. Kc3 {[%clk 0:16:18]}
Nf5 {[%clk 0:53:47]} 32. Rh1 {[%clk 0:16:18]} Rf8 {[%clk 0:41:15]} 33. g4 {[%clk
0:14:52]} Ng7 {[%clk 0:38:35]} 34. h5 {[%clk 0:12:25]} Ne6 {[%clk 0:28:12]} 35.
Nxe6 {[%clk 0:06:34]} Kxe6 {[%clk 0:28:35]} 36. hxg6 {[%clk 0:06:56]} hxg6 {[%clk
0:29:00]} 37. Rh6 {[%clk 0:07:13]} g5 {[%clk 0:29:17]} 38. a4 {[%clk 0:06:44]} a5
{[%clk 0:25:51]} 39. Rh7 {[%clk 0:05:33]} f5 {[%clk 0:23:44]} 40. gxf5+ {[%clk
0:33:33]} Kxf5 {[%clk 0:54:01]} 41. Rh1 {[%clk 0:26:58]} Rg8 {[%clk 0:52:34]} 42.
Rf1+ {[%clk 0:24:02]} Kg4 {[%clk 0:53:02]} 43. Rf6 {[%clk 0:24:07]} Kh5 {[%clk
0:53:03]} 44. Rxc6 {[%clk 0:19:45]} g4 {[%clk 0:52:32]} 45. Rxb6 {[%clk 0:19:21]}
g3 {[%clk 0:52:50]} 46. Re6 {[%clk 0:19:40]} g2 {[%clk 0:44:24]} 47. Re1 {[%clk
0:19:30]} g1Q {[%clk 0:44:39]} 48. Rxg1 {[%clk 0:19:53]} Rxg1 {[%clk 0:45:05]}
49. b4 {[%clk 0:20:05]} Ra1 {[%clk 0:45:25]} 50. bxa5 {[%clk 0:19:43]} Rxa4
{[%clk 0:45:49]} 51. Kb3 {[%clk 0:19:58]} Rxa5 {[%clk 0:46:15]} 52. Kb4 {[%clk
0:20:26]} Ra8 {[%clk 0:46:36]} 53. Kc5 {[%clk 0:20:48]} Rd8 {[%clk 0:47:02]} 54.
Kc6 {[%clk 0:21:14]} Kg4 {[%clk 0:47:26]} 55. Kc7 {[%clk 0:21:40]} Rh8 {[%clk
0:47:51]} 56. Kd6 {[%clk 0:22:03]} Rh5 {[%clk 0:48:15]} 57. Ke6 {[%clk 0:22:28]}
Kf4 {[%clk 0:48:39]} 0-1

[Event "European Clubs Cup"]
[Site "chess24.com"]
[Date "2018.10.14"]
[Round "3"]
[White "Van Beek, Alexander"]
[Black "Lalouette, Herve"]
[Result "1-0"]
[Board "6"]
[WhiteElo "2281"]
[WhiteTitle "IM"]
[WhiteCountry "NED"]
[WhiteFideId "1007262"]
[WhiteEloChange "2"]
[BlackElo "1681"]
[BlackCountry "FRA"]
[BlackFideId "651044"]
[BlackEloChange "-2"]

1. e4 {[%clk 1:30:58]} c5 {[%clk 1:30:55]} 2. Nf3 {[%clk 1:31:24]} d6 {[%clk
1:31:21]} 3. Bb5+ {[%clk 1:31:50]} Nd7 {[%clk 1:31:47]} 4. d4 {[%clk 1:32:09]}
cxd4 {[%clk 1:30:51]} 5. Qxd4 {[%clk 1:32:26]} e5 {[%clk 1:29:50]} 6. Qd3 {[%clk
1:32:05]} Be7 {[%clk 1:26:44]} 7. Nc3 {[%clk 1:23:09]} Nf6 {[%clk 1:26:57]} 8.
Bg5 {[%clk 1:23:15]} O-O {[%clk 1:26:20]} 9. Bxd7 {[%clk 1:20:35]} Qxd7 {[%clk
1:25:55]} 10. Rd1 {[%clk 1:04:45]} a6 {[%clk 1:21:52]} 11. Bxf6 {[%clk 1:01:05]}
gxf6 {[%clk 1:22:14]} 12. Nd5 {[%clk 1:01:25]} Rd8 {[%clk 1:22:16]} 13. Nb6
{[%clk 1:01:28]} 1-0

[Event "European Clubs Cup"]
[Site "chess24.com"]
[Date "2018.10.14"]
[Round "3"]
[White "Vedder, Henk"]
[Black "Burg, Twan"]
[Result "1/2-1/2"]
[Board "1"]
[WhiteElo "2336"]
[WhiteTitle "IM"]
[WhiteCountry "NED"]
[WhiteFideId "1002872"]
[WhiteEloChange "5"]
[BlackElo "2517"]
[BlackTitle "GM"]
[BlackCountry "NED"]
[BlackFideId "1010697"]
[BlackEloChange "-2"]

1. d4 {[%clk 1:30:49]} Nf6 {[%clk 1:30:41]} 2. Nc3 {[%clk 1:31:12]} d5 {[%clk
1:30:30]} 3. Bg5 {[%clk 1:31:36]} c5 {[%clk 1:30:15]} 4. Bxf6 {[%clk 1:31:55]}
gxf6 {[%clk 1:30:23]} 5. Nf3 {[%clk 1:31:00]} Nc6 {[%clk 1:28:52]} 6. e3 {[%clk
1:27:13]} e6 {[%clk 1:24:23]} 7. Be2 {[%clk 1:24:48]} f5 {[%clk 1:20:59]} 8. O-O
{[%clk 1:24:13]} Bd7 {[%clk 1:20:20]} 9. dxc5 {[%clk 1:21:31]} Bxc5 {[%clk
1:18:29]} 10. Na4 {[%clk 1:21:42]} Be7 {[%clk 1:17:22]} 11. c4 {[%clk 1:21:14]}
dxc4 {[%clk 1:17:01]} 12. Bxc4 {[%clk 1:21:38]} O-O {[%clk 1:16:00]} 13. Nc3
{[%clk 1:18:55]} Bf6 {[%clk 1:09:09]} 14. Qe2 {[%clk 1:18:25]} Qa5 {[%clk
1:02:19]} 15. Rfd1 {[%clk 1:06:25]} Rad8 {[%clk 0:54:54]} 16. Nb5 {[%clk
1:02:04]} Ne5 {[%clk 0:40:10]} 17. Nxe5 {[%clk 1:01:35]} Bxb5 {[%clk 0:30:57]}
18. Bxb5 {[%clk 0:32:55]} Bxe5 {[%clk 0:31:04]} 19. Bd3 {[%clk 0:22:37]} Qb4
{[%clk 0:26:49]} 20. Rab1 {[%clk 0:21:18]} Qg4 {[%clk 0:23:04]} 21. Qxg4+ {[%clk
0:21:30]} fxg4 {[%clk 0:23:32]} 22. b3 {[%clk 0:21:38]} f5 {[%clk 0:22:59]} 23.
g3 {[%clk 0:20:03]} Kf7 {[%clk 0:22:05]} 24. Kf1 {[%clk 0:20:22]} Ke7 {[%clk
0:22:06]} 25. Bc4 {[%clk 0:20:12]} h5 {[%clk 0:21:57]} 26. Ke2 {[%clk 0:17:42]}
h4 {[%clk 0:20:42]} 27. Rxd8 {[%clk 0:17:50]} Rxd8 {[%clk 0:21:08]} 28. Rd1
{[%clk 0:18:00]} Rc8 {[%clk 0:19:44]} 29. Kd2 {[%clk 0:11:26]} a6 {[%clk
0:19:15]} 30. Rc1 {[%clk 0:11:03]} Bd6 {[%clk 0:18:40]} 31. Bd3 {[%clk 0:10:52]}
Bb4+ {[%clk 0:18:53]} 32. Kd1 {[%clk 0:11:16]} Rxc1+ {[%clk 0:19:08]} 33. Kxc1
{[%clk 0:11:42]} Be1 {[%clk 0:19:29]} 34. gxh4 {[%clk 0:11:47]} Bxf2 {[%clk
0:19:53]} 35. Kd2 {[%clk 0:11:25]} Bg1 {[%clk 0:18:56]} 36. e4 {[%clk 0:03:35]}
Kf6 {[%clk 0:13:50]} 37. exf5 {[%clk 0:03:47]} exf5 {[%clk 0:14:18]} 38. h3
{[%clk 0:01:41]} gxh3 {[%clk 0:14:43]} 39. Bf1 {[%clk 0:02:08]} h2 {[%clk
0:15:07]} 40. Bg2 {[%clk 0:32:36]} b5 {[%clk 0:45:05]} 41. a4 {[%clk 0:32:24]}
Ke5 {[%clk 0:42:22]} 42. axb5 {[%clk 0:32:39]} axb5 {[%clk 0:42:42]} 43. Ke2
{[%clk 0:32:05]} Kd4 {[%clk 0:42:08]} 44. h5 {[%clk 0:31:18]} Kc3 {[%clk
0:33:30]} 45. Bd5 {[%clk 0:31:33]} f4 {[%clk 0:33:17]} 46. h6 {[%clk 0:31:30]}
Bd4 {[%clk 0:31:23]} 47. Kf1 {[%clk 0:28:54]} Kd3 {[%clk 0:19:33]} 48. Kg2 {[%clk
0:28:38]} Be5 {[%clk 0:19:30]} 49. Bc6 {[%clk 0:27:11]} b4 {[%clk 0:18:36]} 50.
Kxh2 {[%clk 0:26:09]} f3+ {[%clk 0:17:16]} 51. Kg1 {[%clk 0:24:26]} Ke2 {[%clk
0:14:19]} 52. Bb5+ {[%clk 0:24:52]} Ke3 {[%clk 0:13:21]} 53. Kf1 {[%clk 0:25:09]}
Kf4 {[%clk 0:13:37]} 54. h7 {[%clk 0:25:30]} Bd4 {[%clk 0:13:41]} 55. Ba4 {[%clk
0:25:32]} Kg4 {[%clk 0:13:42]} 56. Bb5 {[%clk 0:25:49]} Kg5 {[%clk 0:14:05]} 57.
Bc6 {[%clk 0:26:09]} Kh6 {[%clk 0:14:16]} 58. h8Q+ {[%clk 0:26:24]} Bxh8 {[%clk
0:14:40]} 59. Bxf3 {[%clk 0:26:51]} Kg5 {[%clk 0:15:07]} 60. Ke2 {[%clk 0:27:12]}
Kf4 {[%clk 0:15:33]} 61. Ba8 {[%clk 0:27:33]} Ba1 {[%clk 0:15:58]} 62. Bh1 {[%clk
0:27:59]} Bh8 {[%clk 0:16:25]} 63. Ba8 {[%clk 0:28:25]} Ba1 {[%clk 0:16:53]} 64.
Bh1 {[%clk 0:28:51]} Bh8 {[%clk 0:17:19]} 1/2-1/2

[Event "European Clubs Cup"]
[Site "chess24.com"]
[Date "2018.10.14"]
[Round "3"]
[White "Drent, Sjoerd"]
[Black "Noiroux, Kevin"]
[Result "0-1"]
[Board "5"]
[WhiteElo "2001"]
[WhiteCountry "NED"]
[WhiteFideId "1021230"]
[WhiteEloChange "-7"]
[BlackElo "2118"]
[BlackCountry "BEL"]
[BlackFideId "204234"]
[BlackEloChange "7"]

1. e4 {[%clk 1:30:53]} c5 {[%clk 1:30:56]} 2. c4 {[%clk 1:31:07]} e6 {[%clk
1:31:18]} 3. Nc3 {[%clk 1:30:59]} Nc6 {[%clk 1:31:43]} 4. Nf3 {[%clk 1:29:15]} a6
{[%clk 1:29:51]} 5. a3 {[%clk 1:29:01]} Qc7 {[%clk 1:28:39]} 6. d4 {[%clk
1:28:52]} cxd4 {[%clk 1:29:04]} 7. Nxd4 {[%clk 1:29:15]} Nf6 {[%clk 1:28:47]} 8.
Be2 {[%clk 1:28:27]} Be7 {[%clk 1:22:30]} 9. Be3 {[%clk 1:27:41]} d6 {[%clk
1:15:16]} 10. Rc1 {[%clk 1:27:38]} Ne5 {[%clk 1:14:48]} 11. f4 {[%clk 1:22:26]}
Ng6 {[%clk 1:09:35]} 12. O-O {[%clk 1:20:50]} O-O {[%clk 1:09:17]} 13. Qd3 {[%clk
1:13:10]} e5 {[%clk 1:06:07]} 14. Nd5 {[%clk 1:10:16]} Nxd5 {[%clk 1:02:17]} 15.
cxd5 {[%clk 1:10:26]} Qd8 {[%clk 1:02:42]} 16. fxe5 {[%clk 1:04:21]} Nxe5 {[%clk
1:00:10]} 17. Qd2 {[%clk 1:03:53]} Bf6 {[%clk 0:58:19]} 18. Qb4 {[%clk 0:52:34]}
Re8 {[%clk 0:39:17]} 19. Nf5 {[%clk 0:50:00]} Bxf5 {[%clk 0:37:45]} 20. Rxf5
{[%clk 0:42:26]} b5 {[%clk 0:29:12]} 21. a4 {[%clk 0:40:42]} a5 {[%clk 0:26:53]}
22. Qb3 {[%clk 0:39:51]} bxa4 {[%clk 0:22:44]} 23. Qxa4 {[%clk 0:40:04]} Rb8
{[%clk 0:18:31]} 24. Bb5 {[%clk 0:33:30]} Re7 {[%clk 0:17:18]} 25. Bd2 {[%clk
0:33:37]} Qb6+ {[%clk 0:15:05]} 26. Kh1 {[%clk 0:33:23]} h6 {[%clk 0:10:26]} 27.
Bc6 {[%clk 0:28:54]} Qxb2 {[%clk 0:08:13]} 28. Qxa5 {[%clk 0:26:45]} Nd3 {[%clk
0:06:48]} 29. Rcf1 {[%clk 0:25:59]} Bd4 {[%clk 0:04:56]} 30. Be1 {[%clk 0:23:56]}
Ra7 {[%clk 0:03:00]} 31. Qd2 {[%clk 0:24:05]} Ra2 {[%clk 0:03:16]} 32. Qxb2
{[%clk 0:23:28]} Rbxb2 {[%clk 0:03:45]} 33. Bg3 {[%clk 0:20:02]} f6 {[%clk
0:01:57]} 34. Bxd6 {[%clk 0:19:14]} Nf2+ {[%clk 0:01:01]} 35. R5xf2 {[%clk
0:19:23]} Rxf2 {[%clk 0:01:28]} 36. Rd1 {[%clk 0:18:44]} Rad2 {[%clk 0:01:21]}
37. Rb1 {[%clk 0:18:52]} Rb2 {[%clk 0:01:03]} 38. Rd1 {[%clk 0:19:21]} Rbd2
{[%clk 0:01:19]} 39. Rb1 {[%clk 0:19:50]} Bb2 {[%clk 0:01:34]} 40. Bg3 {[%clk
0:49:55]} Rxg2 {[%clk 0:30:57]} 41. d6 {[%clk 0:49:37]} Kf8 {[%clk 0:26:05]} 42.
e5 {[%clk 0:48:28]} Rxg3 {[%clk 0:25:59]} 43. hxg3 {[%clk 0:44:35]} Bxe5 {[%clk
0:25:53]} 44. Rb8+ {[%clk 0:42:30]} Kf7 {[%clk 0:26:10]} 45. Rb7+ {[%clk
0:42:52]} Kg6 {[%clk 0:20:33]} 46. Be8+ {[%clk 0:42:23]} Kh7 {[%clk 0:20:34]} 47.
d7 {[%clk 0:42:31]} Bxg3 {[%clk 0:17:29]} 48. Ra7 {[%clk 0:42:25]} f5 {[%clk
0:17:39]} 49. Ra5 {[%clk 0:41:14]} f4 {[%clk 0:10:07]} 50. Ra6 {[%clk 0:35:53]}
g5 {[%clk 0:05:00]} 51. Ra7 {[%clk 0:35:17]} Kh8 {[%clk 0:05:23]} 52. Ra8 {[%clk
0:35:14]} f3 {[%clk 0:05:51]} 53. Bh5+ {[%clk 0:35:25]} Kg7 {[%clk 0:06:19]} 54.
d8Q {[%clk 0:34:43]} Rh2+ {[%clk 0:05:11]} 55. Kg1 {[%clk 0:35:06]} f2+ {[%clk
0:05:40]} 56. Kf1 {[%clk 0:35:27]} Rh1+ {[%clk 0:06:08]} 57. Ke2 {[%clk 0:35:41]}
f1Q+ {[%clk 0:06:34]} 58. Ke3 {[%clk 0:31:48]} Bf4+ {[%clk 0:04:51]} 59. Ke4
{[%clk 0:31:50]} Qc4+ {[%clk 0:03:41]} 60. Kf5 {[%clk 0:29:27]} Qc2+ {[%clk
0:03:40]} 61. Ke6 {[%clk 0:29:40]} Qe4+ {[%clk 0:04:00]} 62. Kd7 {[%clk 0:29:43]}
Qd5+ {[%clk 0:04:18]} 0-1

[Event "European Clubs Cup"]
[Site "chess24.com"]
[Date "2018.10.14"]
[Round "3"]
[White "Lopez, Jasel"]
[Black "Valdes Escobar, Alvaro"]
[Result "1/2-1/2"]
[Board "2"]
[WhiteElo "2366"]
[WhiteTitle "FM"]
[WhiteCountry "ARU"]
[WhiteFideId "15900045"]
[BlackElo "2351"]
[BlackTitle "IM"]
[BlackCountry "CHI"]
[BlackFideId "3405451"]

1. Nf3 {[%clk 1:30:55]} Nf6 {[%clk 1:30:43]} 2. c4 {[%clk 1:31:13]} b6 {[%clk
1:29:14]} 3. g3 {[%clk 1:31:26]} Bb7 {[%clk 1:29:37]} 4. Bg2 {[%clk 1:31:51]} c5
{[%clk 1:29:10]} 5. O-O {[%clk 1:31:55]} g6 {[%clk 1:29:27]} 6. b3 {[%clk
1:31:23]} Bg7 {[%clk 1:29:49]} 7. Bb2 {[%clk 1:31:48]} O-O {[%clk 1:29:57]} 8.
Nc3 {[%clk 1:31:49]} Na6 {[%clk 1:30:09]} 9. d4 {[%clk 1:25:17]} d5 {[%clk
1:21:43]} 10. cxd5 {[%clk 1:02:04]} Nxd5 {[%clk 1:19:57]} 11. e3 {[%clk 0:46:14]}
Nxc3 {[%clk 0:53:59]} 12. Bxc3 {[%clk 0:46:37]} Rc8 {[%clk 0:54:20]} 13. Rc1
{[%clk 0:45:24]} cxd4 {[%clk 0:52:33]} 14. Nxd4 {[%clk 0:45:04]} Bxg2 {[%clk
0:52:27]} 15. Kxg2 {[%clk 0:33:35]} Nc5 {[%clk 0:52:27]} 16. Ne2 {[%clk 0:33:35]}
Bxc3 {[%clk 0:22:29]} 17. Rxc3 {[%clk 0:33:40]} Qxd1 {[%clk 0:22:30]} 18. Rxd1
{[%clk 0:34:01]} Rfd8 {[%clk 0:22:30]} 19. Rcc1 {[%clk 0:25:36]} e5 {[%clk
0:20:06]} 20. g4 {[%clk 0:25:36]} a5 {[%clk 0:17:22]} 21. g5 {[%clk 0:18:10]} h6
{[%clk 0:17:22]} 22. gxh6 {[%clk 0:18:10]} Kh7 {[%clk 0:16:46]} 23. f4 {[%clk
0:14:01]} e4 {[%clk 0:14:00]} 24. Ng3 {[%clk 0:11:00]} f5 {[%clk 0:12:59]} 25. h4
{[%clk 0:11:23]} Rxd1 {[%clk 0:13:14]} 26. Rxd1 {[%clk 0:11:47]} Nd3 {[%clk
0:13:38]} 27. Rd2 {[%clk 0:12:07]} Kxh6 {[%clk 0:06:59]} 28. h5 {[%clk 0:12:18]}
Rc5 {[%clk 0:06:25]} 29. Kh3 {[%clk 0:09:29]} gxh5 {[%clk 0:03:14]} 30. Kh4
{[%clk 0:09:44]} b5 {[%clk 0:02:21]} 31. Nxh5 {[%clk 0:09:15]} a4 {[%clk
0:01:32]} 32. bxa4 {[%clk 0:07:17]} bxa4 {[%clk 0:02:01]} 33. Nf6 {[%clk
0:07:28]} Rc1 {[%clk 0:00:58]} 34. Rg2 {[%clk 0:06:07]} Rh1+ {[%clk 0:01:22]} 35.
Kg3 {[%clk 0:06:33]} Kg6 {[%clk 0:01:23]} 36. Nd5 {[%clk 0:05:57]} a3 {[%clk
0:01:27]} 37. Rc2 {[%clk 0:05:44]} Rc1 {[%clk 0:00:44]} 38. Rxc1 {[%clk 0:04:45]}
Nxc1 {[%clk 0:01:12]} 39. Nb4 {[%clk 0:05:08]} Ne2+ {[%clk 0:00:38]} 40. Kf2
{[%clk 0:35:33]} Nc3 {[%clk 0:30:59]} 41. Ke1 {[%clk 0:35:50]} Kh5 {[%clk
0:23:49]} 42. Kd2 {[%clk 0:35:50]} Nb5 {[%clk 0:23:58]} 43. Nd5 {[%clk 0:19:08]}
Kg4 {[%clk 0:23:36]} 44. Kc2 {[%clk 0:18:31]} Kf3 {[%clk 0:23:19]} 45. Kb3 {[%clk
0:18:56]} Nd6 {[%clk 0:13:13]} 46. Kb4 {[%clk 0:14:08]} Ke2 {[%clk 0:11:23]} 47.
Kc5 {[%clk 0:14:16]} Nf7 {[%clk 0:11:42]} 48. Kd4 {[%clk 0:11:27]} Kd2 {[%clk
0:11:44]} 49. Nb6 {[%clk 0:08:16]} Nd6 {[%clk 0:08:23]} 50. Ke5 {[%clk 0:07:36]}
Nb5 {[%clk 0:06:16]} 51. Nd5 {[%clk 0:06:36]} Nc3 {[%clk 0:05:23]} 52. Nxc3
{[%clk 0:07:03]} Kxc3 {[%clk 0:05:48]} 53. Kxf5 {[%clk 0:07:30]} Kd3 {[%clk
0:03:00]} 54. Kg4 {[%clk 0:07:54]} Kxe3 {[%clk 0:03:26]} 55. f5 {[%clk 0:08:20]}
Kd2 {[%clk 0:03:36]} 56. f6 {[%clk 0:08:43]} e3 {[%clk 0:04:01]} 57. f7 {[%clk
0:09:09]} e2 {[%clk 0:04:26]} 58. f8Q {[%clk 0:09:33]} e1Q {[%clk 0:04:47]} 59.
Qb4+ {[%clk 0:09:41]} Kd1 {[%clk 0:04:45]} 60. Qa4+ {[%clk 0:10:05]} Kd2 {[%clk
0:04:47]} 61. Qa5+ {[%clk 0:10:29]} Kd1 {[%clk 0:04:56]} 62. Qxa3 {[%clk
0:10:51]} Qe4+ {[%clk 0:05:01]} 63. Kg5 {[%clk 0:10:59]} Qe5+ {[%clk 0:05:17]}
64. Kg6 {[%clk 0:11:23]} Qe6+ {[%clk 0:05:34]} 65. Kg7 {[%clk 0:11:46]} Kc2
{[%clk 0:03:57]} 66. Qa5 {[%clk 0:11:55]} Kb2 {[%clk 0:03:28]} 67. a4 {[%clk
0:11:45]} 1/2-1/2